00318nam a2200133Ia 4500003000400000005001700004008004100021020001800062040002000080100001500100245005200115260000800167260000900175OSt20231130052311.0170524s9999 xx 000 0 und d a9788120326071 cIIMT UNIVERSITY aStalling W 0aISDN and Broadband ISDN with Fram Realy and ATM bPHI c2005